| 000 | 00632nam a22001697a 4500 | ||
|---|---|---|---|
| 008 | 100316s2009 ii|||||r|||| 001 0 eng d | ||
| 020 | _a9788122426755 | ||
| 082 |
_222 _a670 _bPRA |
||
| 245 |
_aManufacturing Science and Technology: _bManufacturing Processes and Machine Tools/ _cK. Vara Prasada Rao |
||
| 250 | _a2nd ed. | ||
| 260 |
_aNew Delhi: _bNew Age, 2009 _c2009 |
||
| 300 |
_a382 p. : _bill.; _c24 cm. |
||
| 500 | _aIncludes index | ||
| 650 |
_911613 _aManufacturing processes. |
||
| 942 |
_2ddc _cBB |
||
| 999 |
_c13698 _d13698 |
||